| 000 | 00698nam a2200241 i 4500 | ||
|---|---|---|---|
| 001 | 12709 | ||
| 003 | ES-MaACL | ||
| 005 | 20250815164030.0 | ||
| 007 | t| | ||
| 008 | 921118s1991 sp a |||| | spa d | ||
| 020 | _a84-7720-204-4 | ||
| 080 | _a7.045(091) | ||
| 100 | 1 |
_aMartínez Otero, Luis Miguel. _978299 |
|
| 245 | 1 | 3 |
_aEl laberinto / _cLuis Miguel Martínez Otero. |
| 250 | _a1ª ed. | ||
| 260 |
_aBarcelona : _bObelisco, _c1991. |
||
| 300 |
_a77 p. : _bil. ; _c22 cm. |
||
| 490 | 1 |
_aBiblioteca de los símbolos ; _v4 |
|
| 650 | 7 |
_aSignos y símbolos _2embne _917097 |
|
| 830 | 0 |
_aBiblioteca de los símbolos ; _v4 _9179345 |
|
| 852 |
_aES-MaACL _jL-20102 |
||
| 999 |
_c12709 _d12709 |
||